Geography Chain #2 - Statistics

General Stats
  • This quiz has been taken 1,061 times
  • The average score is 15 of 20
Answer Stats
Hint Answer % Correct
Country with most rainforest Brazil
99%
Ocean into which the ^ flows Atlantic
97%
Longest river in ^ Amazon
95%
Economically strongest country on the ^ USA
92%
6 states in the northeast of ^ together are called New ... England
87%
Country of which ^ is a part United Kingdom
86%
Association of states, which ^ left in 2020 European Union
83%
Most populous member of ^ Germany
82%
^ belongs to Germany, Switzerland and ... Austria
81%
Capital of ^ Vienna
81%
Largest river flowing through ^ Danube
77%
The holiest place of pilgrimage from ^ is the city of ... Mecca
76%
Dominant religion in ^ Islam
73%
^ is located near which sea Red Sea
72%
What connects ^ and the Mediterranean Sea Suez Canal
65%
^ flows into ... Black Sea
63%
Country, south of ^ Turkey
63%
Largest neighboring country of ^ Iran
62%
Country that comes directly after ^ alphabetically Iraq
62%
Largest lake of ^ Lake Constance
29%
No matching quizzes found
Score Distribution
Percent of People with Each Score
Percentile by Number Answered
Your Score History
You have not taken this quiz